00846 a2200193 4500999001500000010001400015020002300029035001300052037001500065082001400080245026000094260004400354270005600398300002200454700001400476700001400490942003300504952011500537 c7595d7595 aENG-88088 a812020610Xc500.00 aEN-71621 bDBAD / PUB14a624.384191 aTrends in RFID technology and applications :cedited by S.Swarn [and] G.S.Raobpapers presented at International Conference on emerging technologies in mobile communications (under the aegis of Smart Cards Expo 2006) September 7-8, 2006, New Delhi, India/ aDelhibAjanta Books Internationalc2006 a1, UB Jawahar Nagar, Bunglow Road,bDelhie110 007. a153 p.c24 cm (Hb1 aSwarn, S.1 aRao, G.S. adplcEN2ddch624.38419mTRE 001040718NFICaDBADbDBADeDBAD/PUBg500.00l0o624.38419 TREpEN-71621r2008-09-15 00:00:00t1v500.00yEN